|
|
|
|
| LEADER |
03063nam a2200721 aa4500 |
| 001 |
nkc20142634744 |
| 003 |
CZ PrNK |
| 005 |
20201029072104.0 |
| 007 |
ta |
| 008 |
141024s2014 xr ab e p 000 0 cze |
| 015 |
|
|
|a cnb002634744
|
| 020 |
|
|
|a 978-80-7509-120-8
|q (soubor ;
|q brož.)
|
| 020 |
|
|
|a 978-80-7509-118-5
|q (1. díl ;
|q brož.)
|
| 020 |
|
|
|a 978-80-7509-119-2
|q (2. díl ;
|q brož.)
|
| 035 |
|
|
|a (OCoLC)897870590
|
| 040 |
|
|
|a OLA001
|b cze
|d ABA001
|
| 041 |
1 |
|
|a cze
|a eng
|h cze
|
| 043 |
|
|
|a f------
|
| 072 |
|
7 |
|a 308
|x Sociografie
|2 Konspekt
|9 18
|
| 072 |
|
7 |
|a 37.016
|x Učební osnovy. Vyučovací předměty. Učebnice
|2 Konspekt
|9 22
|
| 080 |
|
|
|a 364.6
|2 MRF
|
| 080 |
|
|
|a 364.662
|2 MRF
|
| 080 |
|
|
|a 330.35
|2 MRF
|
| 080 |
|
|
|a 316.42
|2 MRF
|
| 080 |
|
|
|a 339.96
|2 MRF
|
| 080 |
|
|
|a 338
|2 MRF
|
| 080 |
|
|
|a 308
|2 MRF
|
| 080 |
|
|
|a (6)
|2 MRF
|
| 080 |
|
|
|a (075.8)
|2 MRF
|
| 100 |
1 |
|
|a Darkwah, Samuel Antwi,
|d 1955-
|7 mzk2014828690
|4 aut
|
| 245 |
1 |
0 |
|a Rozvojové problémy Afriky =
|b Development problems of Africa /
|c Samuel Antwi Darkwah
|
| 246 |
3 |
1 |
|a Development problems of Africa
|
| 250 |
|
|
|a 1. vyd.
|
| 260 |
|
|
|a Brno :
|b Mendelova univerzita v Brně,
|c 2014
|
| 300 |
|
|
|a 2 sv. (99; 97 s.) :
|b il. (převážně barev.), mapy ;
|c 30 cm
|
| 500 |
|
|
|a Nad názvem: Mendelova univerzita v Brně, Fakulta regionálního rozvoje a mezinárodních studií
|
| 504 |
|
|
|a Obsahuje bibliografie a bibliografické odkazy
|
| 546 |
|
|
|a Souběžný anglický text
|
| 650 |
0 |
7 |
|a sociální problémy
|7 ph125804
|z Afrika
|2 czenas
|
| 650 |
0 |
7 |
|a chudoba
|7 ph119230
|z Afrika
|2 czenas
|
| 650 |
0 |
7 |
|a ekonomický růst
|7 ph114429
|z Afrika
|2 czenas
|
| 650 |
0 |
7 |
|a sociální rozvoj
|7 ph774887
|z Afrika
|2 czenas
|
| 650 |
0 |
7 |
|a rozvojová pomoc
|7 ph125279
|z Afrika
|2 czenas
|
| 650 |
0 |
9 |
|a social problems
|z Africa
|2 eczenas
|
| 650 |
0 |
9 |
|a poverty
|z Africa
|2 eczenas
|
| 650 |
0 |
9 |
|a economic development
|z Africa
|2 eczenas
|
| 650 |
0 |
9 |
|a social development
|z Africa
|2 eczenas
|
| 650 |
0 |
9 |
|a development assistance
|z Africa
|2 eczenas
|
| 651 |
|
7 |
|a Afrika
|7 ge137148
|x hospodářské poměry
|2 czenas
|
| 651 |
|
7 |
|a Afrika
|7 ge137148
|x sociální poměry
|2 czenas
|
| 651 |
|
9 |
|a Africa
|x economic conditions
|2 eczenas
|
| 651 |
|
9 |
|a Africa
|x social conditions
|2 eczenas
|
| 655 |
|
7 |
|a učebnice vysokých škol
|7 fd133772
|2 czenas
|
| 655 |
|
9 |
|a textbooks (higher)
|2 eczenas
|
| 710 |
2 |
|
|a Mendelova univerzita.
|b Fakulta regionálního rozvoje a mezinárodních studií
|7 mzk2010588227
|
| 910 |
2 |
|
|a BOA001
|b 4-1333.980
|
| 990 |
|
|
|a BK
|
| 995 |
|
|
|a 01
|
| 991 |
|
|
|b 201411
|c NOV
|e n
|
| 996 |
6 |
|
|b 2610610257
|c 4-1333.980
|d 1. díl
|v 1
|l MZK
|r Sklad / do 1 hodiny
|n 1
|p p.v.
|w 001468111
|u 000010
|a 1
|e BOA001
|j MZK50
|s P
|
| 996 |
7 |
|
|b 2610610258
|c 4-1333.980
|d 1. díl
|v 1
|l MZK
|r Sklad / do 1 hodiny
|n 10
|p p.v.
|w 001468111
|u 000020
|a 1
|e BOA001
|j MZK50
|s A
|
| 996 |
6 |
|
|b 2610610259
|c 4-1333.980
|d 2. díl
|v 2
|l MZK
|r Sklad / do 1 hodiny
|n 3
|p p.v.
|w 001468111
|u 000030
|a 1
|e BOA001
|j MZK50
|s P
|
| 996 |
7 |
|
|b 2610610260
|c 4-1333.980
|d 2. díl
|v 2
|l MZK
|r Sklad / do 1 hodiny
|n 9
|p p.v.
|w 001468111
|u 000040
|a 1
|e BOA001
|j MZK50
|s A
|